| 000 | 00635nam a22001937a 4500 | ||
|---|---|---|---|
| 005 | 20250808112721.0 | ||
| 010 | _aENG-146382 | ||
| 020 |
_c525.00 _a9789361630361 |
||
| 035 | _aEN-129914 | ||
| 037 | _bDBAD | ||
| 082 |
_a346.54064 _21 |
||
| 245 |
_aLegum Liber: _bA Compilation of Case Studies in Law/ _cEdited By Yazhini Kuppusamy |
||
| 250 | _a1 | ||
| 260 |
_aMadurai _bShanlax Publications _c2025 |
||
| 270 |
_a61, T.P.K., Main Road, Vasantha Nagar _bMadurai _e625003 _mshanlax_1990@yahoo.com |
||
| 300 |
_a185p. _c25cm(pb) |
||
| 700 |
_aKuppusamy, Yazhini _eEditor _983963 |
||
| 942 |
_2ddc _cEN _h346.54064 _mKUP |
||
| 999 |
_c212953 _d212953 |
||